|
|
|
|
| LEADER |
01228nam a2200361 a 4500 |
| 001 |
33664 |
| 003 |
BD-DhAAL |
| 005 |
20230525150340.0 |
| 008 |
180813t1972 enk b 001 0 eng |
| 010 |
|
|
|a 72075773
|
| 015 |
|
|
|a B***
|
| 020 |
|
|
|a 0521085047
|c L.3.60 ( 11.50 U.S.)
|
| 020 |
|
|
|a 0521097126
|
| 035 |
|
|
|a 1962242
|
| 040 |
|
|
|a LC
|b eng
|c LC
|d BD-DhAAL
|
| 041 |
1 |
|
|a eng
|
| 050 |
|
4 |
|a HM22.F8
|b D875 1972
|
| 082 |
0 |
0 |
|a 301
|2 20
|
| 100 |
1 |
|
|a Durkheim, Emile,
|d 1858-1917.
|9 27867
|
| 245 |
1 |
0 |
|a Selected writings /
|c edited, translated, and with an introduction by Anthony Giddens.
|
| 246 |
1 |
3 |
|a Selected writings
|
| 260 |
|
|
|a Cambridge :
|b University Press,
|c c1972.
|
| 300 |
|
|
|a x, 272 pages ;
|c 23 cm.
|
| 504 |
|
|
|a Includes bibliographical references and index.
|
| 526 |
|
|
|a ARC
|
| 541 |
|
|
|a Trim Education
|e 33664
|
| 650 |
|
0 |
|a Sociology.
|9 27868
|
| 650 |
|
2 |
|a Sociology.
|9 27868
|
| 700 |
1 |
|
|a Giddens, Anthony.
|9 27869
|
| 852 |
|
|
|a Ayesha Abed Library
|c General Stacks
|
| 942 |
|
|
|2 ddc
|c BK
|
| 999 |
|
|
|c 39527
|d 39527
|
| 952 |
|
|
|0 0
|1 0
|2 ddc
|4 0
|6 301_000000000000000_EML
|7 0
|9 64218
|a BRACUL
|b BRACUL
|c GEN
|d 2018-08-06
|e Trim Education
|g 3815.00
|l 1
|m 1
|o 301 EML
|p 3010033664
|r 2018-10-23
|s 2018-10-14
|t 1
|v 3815.00
|w 2018-08-06
|y BK
|